| 000 | 01246nam a2200289 i 4500 | ||
|---|---|---|---|
| 003 | EG-ScBUE | ||
| 005 | 20230312115217.0 | ||
| 008 | 220731s2016 ua f b 000 0 ara d | ||
| 040 |
_aEG-ScBUE _bara _erda _cEG-ScBUE _dEG-ScBUE |
||
| 043 | _af-ua--- | ||
| 082 | 0 | 4 |
_222 _a346.6207 _bم ر ا |
| 100 | 1 |
_aمراد، عبد الفتاح، _eمؤلف. |
|
| 245 | 1 | 0 |
_aموسوعة شرح قانون التجارة / _cالمستشار الدكتور عبد الفتاح مراد، رئيس محكمة الاستئناف العالي بالإسكندرية ورئيس الدائرة التجارية والاقتصادية. |
| 250 | _aالطبعة الأولى. | ||
| 264 | 1 |
_aالإسكندرية : _bنادي القضاة، _c2016. |
|
| 300 |
_a3 مجلدات ؛ _c24 سم |
||
| 336 |
_2rdacontent _aنص _btxt |
||
| 337 |
_2rdamedia _aبدون وسيط _bn |
||
| 338 |
_2rdacarrier _aمجلد _bnc |
||
| 504 | _aيشتمل على إرجاعات ببليوجرافية. | ||
| 505 | 0 | _aالمجلد الأول -- المجلد الثاني -- المجلد الثالث. | |
| 541 | _aBook Fair 2023. | ||
| 650 | 7 |
_aالقانون التجاري _zمصر. _2BUEsh |
|
| 653 |
_bLLAAWW _cMarch2023 |
||
| 655 | _vReading book | ||
| 942 | _2ddc | ||
| 999 |
_c30242 _d30213 |
||